00686nam a2200277Ia 4500001001400000003000900014005001700023008004100040020001500081040002300096050001500119100002900134245003200163260002400195300001400219650001400233650003800247650001000285650002300295650002600318887001600344888000900360942001500369945000700384999001700391AUWbook001891BDCtgAUW20260406155116.0220908s9999 xx 000 0 eng d a1844675114 aBDCtgAUWcBDCtgAUW aDS143.S1451 aSaid, Edward W,eauthor. 0aFreud and the non-european. aLondon :bNew York, a84 pages. 0aIdentity. 0aJews Outside of Palestine.912058 0aJews. 0aJewszArab.979965 0aRelationships.912056 a BRAC22982 22982 cBK002lcc cBK c17609d17609